It looks like you're offline.
Open Library logo
additional options menu

MARC Record from Library of Congress

Record ID marc_loc_2016/BooksAll.2016.part38.utf8:74072306:962
Source Library of Congress
Download Link /show-records/marc_loc_2016/BooksAll.2016.part38.utf8:74072306:962?format=raw

LEADER: 00962cam a2200253 a 4500
001 2010512633
003 DLC
005 20140906082403.0
008 100917s2009 lu j 000 1 ltz
010 $a 2010512633
020 $a9782919771011
040 $aDLC$cDLC$dDLC
041 1 $altz$heng
050 00 $aPZ33$b.R6925 2009
100 1 $aRowling, J. K.
240 10 $aHarry Potter and the philosopher's stone.$lLuxembourgish
245 14 $aDen Harry Potter an den Alchimistesteen /$cJoanne K. Rowling ; an d'Lëtzebuergescht iwwersat vum Florence Berg.
260 $aKoerich :$bKairos,$c2009.
300 $a349 p. ;$c22 cm.
600 10 $aPotter, Harry$c(Fictitious character)$vJuvenile fiction.
650 0 $aGranger, Hermione (Fictitious character)$vJuvenile fiction.
650 0 $aWeasley, Ron (Fictitious character)$vJuvenile fiction.
650 0 $aHogwarts School of Witchcraft and Wizardry (Imaginary organization)$vJuvenile fiction.
700 1 $aBerg, Florence.